| 000 | 01187cam a2200349 a 4500 | ||
|---|---|---|---|
| 001 | 2377 | ||
| 003 | FISKH | ||
| 005 | 20231121115621.0 | ||
| 008 | 051024s2005 nyu j 000 1 eng d | ||
| 010 | _a 2005296469 | ||
| 020 | _a0760795118 | ||
| 020 | _a078073004997 | ||
| 035 | _a(OCoLC)ocm60685652 | ||
| 040 |
_aTxWM _cTxWM _dTxWM _dDLC _beng |
||
| 042 | _alccopycat | ||
| 050 | 0 | 0 |
_aPZ7.H1996 _bBi 2005 |
| 082 | _a813.54 | ||
| 100 | 1 | _aHapka, C.A. | |
| 245 | 1 | 0 |
_aTale of the toa / _cby C.A. Hapka |
| 250 | _aFirst printing, August 2003 | ||
| 260 |
_aNew York : _bScholastic, _c2003 |
||
| 300 |
_a126 pages : _c20 cm |
||
| 490 | _aBionicle chronicles #1 : | ||
| 505 | _aL | ||
| 520 | _a"In the time before time, a great being watched over the ancient land of Mata Nui, protecting it from harm. But now a powerful evil has arisen, casting a dark shadow over the land. Just when all seems lost, six heroes emerge from the darkness." | ||
| 521 | 8 |
_a520
_bLexile |
|
| 521 | 8 |
_aL
_bRaz-Plus |
|
| 650 | 0 | _aChildren's stories, American. | |
| 650 | 0 | _aScience fiction, American. | |
| 906 |
_a7 _bcbc _ccopycat _d2 _encip _f20 _gy-gencatlg |
||
| 942 |
_2ddc _cBK _n0 |
||
| 999 |
_c2377 _d2377 |
||